Macromedia Flash Professional 8 revealed
שמור ב:
| מחבר ראשי: | |
|---|---|
| פורמט: | ספר |
| שפה: | Undetermined |
| יצא לאור: |
Boston, Mass.
Thomson Course Technology
2006
|
| נושאים: | |
| תגים: |
הוספת תג
אין תגיות, היה/י הראשונ/ה לתייג את הרשומה!
|
| Thư viện lưu trữ: | Trung tâm Học liệu Trường Đại học Cần Thơ |
|---|
| LEADER | 00609nam a2200205Ia 4500 | ||
|---|---|---|---|
| 001 | CTU_128985 | ||
| 008 | 210402s9999 xx 000 0 und d | ||
| 020 | |c 405000 | ||
| 082 | |a 006.78 | ||
| 082 | |b S562 | ||
| 100 | |a Shuman, Jim | ||
| 245 | 0 | |a Macromedia Flash Professional 8 revealed | |
| 245 | 0 | |c Jim Shuman | |
| 260 | |a Boston, Mass. | ||
| 260 | |b Thomson Course Technology | ||
| 260 | |c 2006 | ||
| 650 | |a Computer animation,Web sites,Hoạt hình trên máy tính,Thiết kế website | ||
| 650 | |x Design | ||
| 904 | |i Nguyên | ||
| 980 | |a Trung tâm Học liệu Trường Đại học Cần Thơ | ||